00751nam a22002297a 4500999001900000005001700019010001300036020001800049035001300067037000900080082001200089100002100101245007700122246000900199250001200208260002900220270006500249300002300314500001900337942002600356952013900382 c158485d15848520210209154447.0 aB-710686 a9788177589184 aB-710686 bGift a621.392 aPalnitkar, Samir aVerilog HDL:ba guide to digital design and synthesis /cSamir Palnitkar aVHDL a2nd ed. aNew DelhibPearsonc2010 a14 Local Shopping Centre, Panchsheel ParkbNew Delhie110017 a490p.c24 cm (pbk) aincludes index 2ddccENh621.392mPAL 001040708NFICaAVbAVd2018-10-31eGift/16-10-2018l2m0o621.392 PALpB-710686r2023-02-27 00:00:00s2019-08-06t1w2018-10-31yEN